| 000 | 00775nas a2200229 4500 | ||
|---|---|---|---|
| 001 | BR8601527 | ||
| 003 | BR-BrBNA | ||
| 005 | 20231205090412.0 | ||
| 007 | ta | ||
| 008 | 230509b bl.|||p| |||| 00| 00por d | ||
| 040 |
_aBR-BrBNA _bpor _cBiblioteca Nacional de Agricultura |
||
| 041 | _a(Pt) | ||
| 072 | _aN20; H01 | ||
| 100 | 1 | _aMatuo, T. | |
| 245 | 1 | _aAfericao da exatidao dos saquinhos plasticos, empregados na determinacao da vazao de pulverizadores | |
| 246 | 1 | _aAccuracy of graded polythene bags used for calibration of agricultural sprayers | |
| 650 | _aPULVERIZADOR | ||
| 650 | _aPULVERIZACAO | ||
| 773 | 0 |
_tPlanta Daninha (Brazil) _xISSN 0100-8358 _g(Jun 1984), v. 7(1) p. 65-69 _wBR8601527 |
|
| 909 |
_a202311 _bLúcia _c55 _dLúcia Elande |
||
| 942 |
_2AGRIS _n0 _cANA |
||
| 999 |
_c118185 _d118185 |
||